000 00929namaa2200277 a 4500
001 vtls001304082
003 NLI
005 20210627043909.0
008 120418s1978 dcu i000 0 eng
039 9 _y201204181931
_zVLOAD
040 0 _aNLI
_cVTLS-2012_FOD
_eAACR2
041 0 _aeng
044 _adcu
082 0 4 _a368.10973
110 1 _aUnited States.
_bDepartment of Housing and Urban Development
_9709092
245 1 0 _aFHA Title I Property Improvement Loan Insurance :
_ba guide for financial institutions and public rehabilitation officials
260 _aWashington :
_bUnited States Government Printing Office,
_c1978
300 _a19 p. :
_c26 cm.
500 _atitle from the cover
650 0 _aWindstorm insurance
_zUnited States
_9725596
650 0 _aInsurance, Property
_zUnited States
_9725597
887 _a
901 _aAD 141724
_b28.10.2010
902 _aU.S 368.10973 Un 3
942 _2ddc
_cBKS
999 _c596284
_d596284